000 00590nam a2200181Ia 4500
008 151018s9999 xx 000 0 und d
082 _bRBASDV17145
_a891.463
100 _aवैजयंती काळे
245 _aवैभवाची वाट
250 _b1
260 _bराजेंद्र प्रकाशन ठाणे
_c1982
300 _a276
600 _aवैजयंती काळे
630 _aवैभवाची वाट
700 _aवैजयंती काळे
730 _aवैभवाची वाट
942 _cBOOK
999 _c1017829
_d1017826